00813nam a2200193 a 4500001001000000005001700010008004100027050002100068100002500089245007000114260006000184300004900244500011700293500002400410500000800434650005900442650005200501710006600553BRCA_258820190320203859.0281108s1929----mx-#---###---#000-0#spa-# 4aF1231b.B46 19291 aBenítez, José R.10aHistoria gráfica de la Nueva Españacpor José R. Benítez. aMéxicobCámara Oficial Española de Comercioc1929 a305 p.bil., (algunas a color) mapasc29 cm. aEditada, recopilada y redactada por iniciativa de la Cámara Oficial Española en los Estados Unidos Mexicanos aIncluye apéndices aA6514aMéxicoeHistoriayGuerra de Independencia, 1810-182114aMéxicoeHistoriayPeriodo colonial, 1540-18102 aCámara Oficial Española de Comercio en los Estados Unidos